| 000 | 01315aam a2200313 4500 | ||
|---|---|---|---|
| 001 | 19996 | ||
| 003 | CO-MdFUSB | ||
| 005 | 20180622170016.0 | ||
| 008 | 170310t1977 enk||||f |||| 00| 0 eng d | ||
| 020 | _a334-01941-9 | ||
| 040 |
_aCO-MdFUSB _bspa _cCO-MdFUSB _dCO-MdFUSBC _erda |
||
| 041 | _aeng | ||
| 082 |
_224 _aG 262 _bM729c |
||
| 100 | 1 |
_aMoltmann, Jürgen _eautor |
|
| 245 | 1 | 4 |
_aThe church in the power of the Spirit _b: A contribution to messianic ecclesiology _c/ Jürgen Moltmann ; Traducido por Margaret Kohl |
| 264 | 1 |
_aLondon : _bSCM Press, _c℗1977 |
|
| 264 | 4 | _c©1977 | |
| 300 |
_axvii, 407 páginas _b: _c; |
||
| 336 |
_2rdacontent _a1 _ba1 |
||
| 337 |
_2rdamedia _a2 _b5 |
||
| 338 |
_2rdacarrier _a2 _b5 |
||
| 500 | _aTítulo original en alemán: Kirche in der Kraft des Geistes | ||
| 501 | _aIncluye índice (p. 403-407) | ||
| 505 | 0 | 0 | _aLa iglesia en el poder del Espíritu : Una contribución a la eclesiología mesiánica - Las dimensiones de una doctrina de la iglesia de hoy - La iglesia en la historia - La iglesia de Jesucristo - La iglesia del reino de Dios - La iglesia en la presencia del Espíritu Santo - La iglesia en el poder del Espíritu Santo - Las marcas de la iglesia |
| 563 | _aPasta dura | ||
| 650 | 7 |
_9655 _aIglesia |
|
| 942 | _cBK | ||
| 999 |
_c46350 _d46350 |
||